[Event "IECC KO-2114"]
[Site "IECC email"]
[Date "2012.01.02"]
[Round "?"]
[White "Pollard, Richard"]
[Black "Philips, Justin"]
[Result "0-1"]
[WhiteElo "1279"]
[BlackElo "1707"]
[PlyCount "30"]
[EventDate "2011.??.??"]
[EventType "match (corr)"]
[EventRounds "2"]
[SourceTitle "Corr 2020"]
[Source "ChessBase"]
[SourceDate "2019.09.30"]
[SourceVersion "1"]
[SourceVersionDate "2019.09.30"]
[SourceQuality "1"]
[WhiteTeam "United States"]
[BlackTeam "India"]
[WhiteTeamCountry "USA"]
[BlackTeamCountry "IND"]

1. e4 c5 2. Nf3 Nc6 3. d4 cxd4 4. Nxd4 g6 5. Nc3 Bg7 6. Be3 Nf6 7. Nxc6 bxc6 8. e5 Ng8 9. f4 f6 10. Bd4 Nh6 11. exf6 Bxf6 12. Qd2 d5 13. Bxf6 exf6 14. Qe2+ Kf7 15. 0-0-0 Bg4 0-1

[Event "IECC CL7-2010.05 email"]
[Site "IECC email"]
[Date "2010.07.24"]
[Round "?"]
[White "Pollard, Richard"]
[Black "Stevenson, Walter"]
[Result "1-0"]
[WhiteElo "1218"]
[BlackElo "1098"]
[PlyCount "41"]
[EventDate "2010.??.??"]
[EventType "tourn (corr)"]
[EventRounds "4"]
[SourceTitle "Telechess CBM 149"]
[Source "ChessBase"]
[SourceDate "2012.07.17"]
[SourceVersion "1"]
[SourceVersionDate "2012.07.17"]
[SourceQuality "1"]
[WhiteTeam "US of America"]
[BlackTeam "Canada"]
[WhiteTeamCountry "USA"]
[BlackTeamCountry "CAN"]

1. e4 c5 2. Nf3 d6 3. d4 cxd4 4. Nxd4 Nf6 5. Nc3 a6 6. Be3 e5 7. Nb3 Be6 8. f3 Nbd7 9. g4 h6 10. Qd2 Be7 11. 0-0-0 0-0 12. h4 Nh7 13. Be2 Bxb3 14. axb3 Bxh4 15. Qxd6 Nhf6 16. Rxh4 Qa5 17. Kb1 b5 18. g5 hxg5 19. Bxg5 Rfd8 20. Bxf6 Nxf6 21. Rdh1 1-0

[Event "IECC KO-1079"]
[Site "IECC email"]
[Date "2010.01.20"]
[Round "?"]
[White "Pollard, Richard"]
[Black "Venturas, Bob"]
[Result "1-0"]
[WhiteElo "1208"]
[BlackElo "1094"]
[PlyCount "35"]
[EventDate "2010.??.??"]
[EventType "match (corr)"]
[EventRounds "2"]
[SourceTitle "Telechess CBM 149"]
[Source "ChessBase"]
[SourceDate "2012.07.17"]
[SourceVersion "1"]
[SourceVersionDate "2012.07.17"]
[SourceQuality "1"]
[WhiteTeam "US of America"]
[BlackTeam "Canada"]
[WhiteTeamCountry "USA"]
[BlackTeamCountry "CAN"]

1. e4 e5 2. f4 Nc6 3. Nf3 Bc5 4. fxe5 h6 5. d4 Bb6 6. Bc4 d6 7. exd6 Qxd6 8. c3 Bg4 9. Qd3 0-0-0 10. Be3 Bxf3 11. gxf3 Qf6 12. Nd2 Qg6 13. 0-0-0 f6 14. Rdg1 Qh5 15. Rxg7 Nge7 16. Qc2 Qa5 17. Kb1 Qh5 18. Bf4 1-0

[Event "IECC CL7-2008.05 email"]
[Site "IECC email"]
[Date "2008.06.06"]
[Round "?"]
[White "Pollard, Richard"]
[Black "Reni, Norbert"]
[Result "1-0"]
[WhiteElo "1156"]
[BlackElo "1074"]
[PlyCount "59"]
[EventDate "2008.??.??"]
[EventType "tourn (corr)"]
[EventRounds "4"]
[SourceTitle "Corr 2013"]
[Source "ChessBase"]
[SourceDate "2012.11.12"]
[SourceVersion "1"]
[SourceVersionDate "2012.11.12"]
[SourceQuality "1"]
[WhiteTeam "US of America"]
[BlackTeam "Australia"]
[WhiteTeamCountry "USA"]
[BlackTeamCountry "AUS"]

1. e4 c5 2. d4 d6 3. c3 Nf6 4. Bd3 e6 5. f4 Nc6 6. Nf3 Qc7 7. 0-0 Be7 8. Qe2 0-0 9. Be3 Ng4 10. Nbd2 Nxe3 11. Qxe3 g6 12. Kh1 Bf6 13. e5 Bg7 14. Ng5 Bh6 15. Qh3 Kg7 16. Nde4 dxe5 17. dxe5 Nxe5 18. fxe5 Bxg5 19. Nxg5 h6 20. Qf3 hxg5 21. Qf6+ Kg8 22. Qxg5 Qd8 23. Qg3 Qe7 24. Rf6 Bd7 25. Raf1 Bc6 26. Qg5 Qd7 27. Bxg6 fxg6 28. Rxg6+ Kh8 29. Qh6+ Qh7 30. Rxf8+ 1-0

[Event "IECG CP.2007.P.00083 email"]
[Site "IECG email"]
[Date "2007.10.02"]
[Round "2"]
[White "Pollard, Richard"]
[Black "Krishnamurthy, Prabhanandan"]
[Result "0-1"]
[WhiteElo "1156"]
[BlackElo "1345"]
[PlyCount "84"]
[EventDate "2007.10.01"]
[EventType "tourn (corr)"]
[EventRounds "6"]
[SourceTitle "Corr 2024"]
[Source "ChessBase"]
[SourceDate "2023.10.19"]
[SourceVersion "1"]
[SourceVersionDate "2023.10.19"]
[SourceQuality "1"]

1. e4 e5 2. f4 exf4 3. Nf3 d6 4. d4 g5 5. h4 g4 6. Ng1 Bh6 7. Nc3 c6 8. Nge2 Qf6 9. g3 fxg3 10. Nxg3 Bxc1 11. Rxc1 Qh6 12. Bd3 Qe3+ 13. Nce2 Be6 14. Qd2 Qxd2+ 15. Kxd2 Nh6 16. Nc3 f6 17. Nf5 Bxf5 18. exf5 d5 19. Rce1+ Kf7 20. Ne2 Nd7 21. Ng3 Rae8 22. Rxe8 Rxe8 23. Nf1 c5 24. c3 cxd4 25. cxd4 Nb8 26. Ne3 Nc6 27. Bb5 Re4 28. Bxc6 bxc6 29. Kd3 Rf4 30. Rg1 Nxf5 31. Nxf5 Rxf5 32. Rxg4 h5 33. Rg2 Rf3+ 34. Ke2 Rf4 35. Ke3 Re4+ 36. Kd3 Rxh4 37. b4 Rh3+ 38. Ke2 h4 39. Kf2 Ke6 40. Ke1 Kf5 41. Rf2+ Kg5 42. Ke2 Rg3 0-1

[Event "IECC KO-1065"]
[Site "IECC email"]
[Date "2007.04.16"]
[Round "?"]
[White "Pollard, Richard"]
[Black "Mouratidis, Christophoros"]
[Result "1-0"]
[WhiteElo "1153"]
[BlackElo "1297"]
[PlyCount "23"]
[EventDate "2006.??.??"]
[EventType "match (corr)"]
[EventRounds "2"]
[SourceTitle "Corr 2020"]
[Source "ChessBase"]
[SourceDate "2019.09.30"]
[SourceVersion "1"]
[SourceVersionDate "2019.09.30"]
[SourceQuality "1"]
[WhiteTeam "United States"]
[BlackTeam "Greece"]
[WhiteTeamCountry "USA"]
[BlackTeamCountry "GRE"]

1. e4 c5 2. Nf3 d6 3. Bb5+ Bd7 4. Bxd7+ Qxd7 5. c4 Nc6 6. Nc3 Nf6 7. 0-0 g6 8. d4 cxd4 9. Nxd4 Bg7 10. Nde2 0-0 11. f3 a6 12. a4 1-0

[Event "IECC KO-1065"]
[Site "IECC email"]
[Date "2006.10.31"]
[Round "?"]
[White "Mitra, Rian"]
[Black "Pollard, Richard"]
[Result "0-1"]
[WhiteElo "1011"]
[BlackElo "1125"]
[PlyCount "113"]
[EventDate "2006.??.??"]
[EventType "match (corr)"]
[EventRounds "2"]
[SourceTitle "Corr 2008"]
[Source "ChessBase"]
[SourceDate "2008.06.24"]
[SourceVersion "1"]
[SourceVersionDate "2008.06.24"]
[SourceQuality "1"]

1. e4 e5 2. Nf3 Nc6 3. Bb5 Nf6 4. 0-0 Nxe4 5. d4 Nd6 6. dxe5 Nxb5 7. Qe2 Nbd4 8. Qd3 Nxf3+ 9. Qxf3 Nxe5 10. Qe4 d6 11. Nc3 c6 12. Re1 Be6 13. f4 Be7 14. Rd1 d5 15. Qxe5 Bf6 16. Qe2 Bxc3 17. f5 Qe7 18. fxe6 Qxe6 19. Qf3 Be5 20. Re1 0-0 21. b3 Qf6 22. Ba3 Qxf3 23. gxf3 Bxa1 24. Rxa1 Rfe8 25. Kf2 Re6 26. Bb2 Rae8 27. Rg1 Re2+ 28. Kg3 Re1 29. Rg2 R8e2 30. h4 Rxg2+ 31. Kxg2 Re2+ 32. Kf1 Rxc2 33. Be5 f6 34. Bd6 c5 35. Ke1 c4 36. b4 Rxa2 37. Bc5 a5 38. Kd1 axb4 39. Bxb4 d4 40. f4 d3 41. h5 b5 42. Kc1 Rc2+ 43. Kd1 g6 44. Be7 Kf7 45. Bd8 b4 46. Ba5 b3 47. Bd2 b2 48. Ke1 b1Q+ 49. Kf2 Rxd2+ 50. Ke3 Qe1+ 51. Kd4 Qe6 52. Kc3 Rc2+ 53. Kd4 Qd6+ 54. Ke3 Re2+ 55. Kf3 Qd5+ 56. Kg4 Qg2+ 57. Kh4 0-1

[Event "IECC CL7-2006.07 email"]
[Site "IECC email"]
[Date "2006.04.02"]
[Round "?"]
[White "Pollard, Richard"]
[Black "Von Rosenberg, Clemens"]
[Result "0-1"]
[WhiteElo "1156"]
[BlackElo "1116"]
[PlyCount "62"]
[EventDate "2006.??.??"]
[EventType "tourn (corr)"]
[EventRounds "4"]
[SourceTitle "Corr 2020"]
[Source "ChessBase"]
[SourceDate "2019.09.30"]
[SourceVersion "1"]
[SourceVersionDate "2019.09.30"]
[SourceQuality "1"]
[WhiteTeam "United States"]
[BlackTeam "Germany"]
[WhiteTeamCountry "USA"]
[BlackTeamCountry "GER"]

1. e4 e6 2. d4 d5 3. Nd2 Nf6 4. e5 Nfd7 5. c3 c5 6. Bd3 Qb6 7. Ne2 Nc6 8. 0-0 cxd4 9. cxd4 Nxd4 10. Nxd4 Qxd4 11. Nf3 Qb6 12. Qe2 Bc5 13. Rb1 a5 14. Bb5 0-0 15. a4 Nb8 16. Kh1 Bd7 17. Bf4 Bxb5 18. axb5 Nd7 19. Bg3 Rfc8 20. h3 Bb4 21. Rbc1 Rc5 22. Rxc5 Bxc5 23. Bh2 a4 24. h4 Ra5 25. h5 Rxb5 26. Ng5 h6 27. Nxf7 Kxf7 28. Qf3+ Kg8 29. Bg1 Rxb2 30. Qg3 a3 31. Qg6 Nf8 0-1